Project finance (Application for transport infrastructure)

Saved in:
Bibliographic Details
Main Author: Tučník, Miroslav
Other Authors: Vovk, Martin, 1976-
Format: Book Chapter
Language:English
Tags: Add Tag
No Tags, Be the first to tag this record!

MARC

LEADER 00000nla$a2200000$$$4500
001 0064821
005 20240502083156.6
041 0 |a eng 
044 |a CZ 
245 1 0 |a Project finance (Application for transport infrastructure)  |c Miroslav Tučník, Martin Vovk 
100 1 |a Tučník, Miroslav 
700 1 |a Vovk, Martin, 1976-